Values in heritage management : (Record no. 609470)

000 -LEADER
fixed length control field 03517cam a2200421 i 4500
001 - CONTROL NUMBER
control field 20889062
003 - CONTROL NUMBER IDENTIFIER
control field NUST
005 - DATE AND TIME OF LATEST TRANSACTION
control field 20240604152656.0
008 - FIXED-LENGTH DATA ELEMENTS--GENERAL INFORMATION
fixed length control field 190313t20192019caua b 100 0 eng c
010 ## - LIBRARY OF CONGRESS CONTROL NUMBER
LC control number 2019011992
020 ## - INTERNATIONAL STANDARD BOOK NUMBER
International Standard Book Number 9781606066188
038 ## - RECORD CONTENT LICENSOR
Staff Name Malang Jan
040 ## - CATALOGING SOURCE
Original cataloging agency JPG/DLC
Language of cataloging eng
Description conventions rda
Transcribing agency JPG
Modifying agency DLC
042 ## - AUTHENTICATION CODE
Authentication code pcc
050 00 - LIBRARY OF CONGRESS CALL NUMBER
Classification number CC135
Item number .V34 2017
082 00 - DEWEY DECIMAL CLASSIFICATION NUMBER
Classification number 363.69
Edition number 23
111 2# - MAIN ENTRY--MEETING NAME
Meeting name or jurisdiction name as entry element Values in heritage management
Date of meeting (2017 :
Location of meeting Getty Conservation Institute),
Relator term author.
9 (RLIN) 123204
245 00 - TITLE STATEMENT
Title Values in heritage management :
Remainder of title emerging approaches and research directions /
Statement of responsibility, etc. edited by Erica Avrami, Susan Macdonald, Randall Mason, and David Myers.
250 ## - EDITION STATEMENT
Edition statement First edition.
264 #1 - PRODUCTION, PUBLICATION, DISTRIBUTION, MANUFACTURE, AND COPYRIGHT NOTICE
Place of production, publication, distribution, manufacture Los Angeles :
Name of producer, publisher, distributor, manufacturer The Getty Conservation Institute,
Date of production, publication, distribution, manufacture, or copyright notice 2019.
264 #4 - PRODUCTION, PUBLICATION, DISTRIBUTION, MANUFACTURE, AND COPYRIGHT NOTICE
Date of production, publication, distribution, manufacture, or copyright notice ©2019
300 ## - PHYSICAL DESCRIPTION
Extent x, 245 pages :
Other physical details illustrations ;
Dimensions 26 cm
336 ## - CONTENT TYPE
Content type term text
Source rdacontent
337 ## - MEDIA TYPE
Media type term unmediated
Source rdamedia
338 ## - CARRIER TYPE
Carrier type term volume
Source rdacarrier
504 ## - BIBLIOGRAPHY, ETC. NOTE
Bibliography, etc. note Includes bibliographical references (pages 226-238).
505 0# - FORMATTED CONTENTS NOTE
Formatted contents note Foreword / Jeanne Marie Teutonico -- Background -- Introduction / Erica Avrami, Susan Macdonald, Randall Mason, and David Myers -- Mapping the Issue of Values / Erica Avrami and Randall Mason -- Perspectives from the Field -- Spatializing Values in Heritage Conservation: The Potential of Cultural Mapping / Erica Avrami -- Heritage Work: Understanding the Values, Applying the Values / Kristal Buckley -- The Shift toward Values in UK Heritage Practice / Kate Clark -- Understanding Values of Cultural Heritage within the Framework of Social Identity Conflicts / Karina V. Korostelina -- The Contemporary Values behind Chinese Heritage / Kuanghan Li -- Values-Based Management and the Burra Charter: 1979, 1999, 2013 / Richard Mackay -- Is Conservation of Cultural Heritage Halal? Perspectives on Heritage Values Rooted in Arabic-Islamic Traditions / Hossam Mahdy -- Changing Concepts and Values in Natural Heritage Conservation: A View through IUCN and UNESCO Policies / Josep-Maria Mallarach and Bas Verschuuren -- Valuing Traumatic Heritage Places as Archives and Agents / Randall Mason -- Values and Relationships between Tangible and Intangible Dimensions of Heritage Places / Ayesha Pamela Rogers -- The Paradox of Valuing the Invaluable: Managing Cultural Values in Heritage Places / Tara Sharma -- Heritage Economics: Coming to Terms with Value and Valuation / David Throsby -- From the Inside Looking Out: Indigenous Perspectives on Heritage Values / Joe Watkins -- Appendix: Conclusions and Recommendations of the Symposium Participants -- Further Readings in Heritage Values.
520 ## - SUMMARY, ETC.
Summary, etc. "This scholarly edited volume examines recent approaches to values-based heritage management and suggests avenues for further research"--Provided by publisher.
650 #0 - SUBJECT ADDED ENTRY--TOPICAL TERM
Topical term or geographic name entry element Historic preservation.
9 (RLIN) 120822
650 #0 - SUBJECT ADDED ENTRY--TOPICAL TERM
Topical term or geographic name entry element Cultural property
General subdivision Protection.
9 (RLIN) 123205
700 1# - ADDED ENTRY--PERSONAL NAME
Personal name Avrami, Erica C.,
Relator term editor.
9 (RLIN) 123206
710 2# - ADDED ENTRY--CORPORATE NAME
Corporate name or jurisdiction name as entry element Getty Conservation Institute,
Relator term issuing body,
-- host institution,
-- organizer.
9 (RLIN) 123207
776 08 - ADDITIONAL PHYSICAL FORM ENTRY
Relationship information Online version:
Main entry heading Values in heritage management (2017 : Getty Conservation Institute), author.
Title Values in heritage management
Place, publisher, and date of publication Los Angeles, California : The Getty Conservation Institute, [2019]
International Standard Book Number 9781606066201
Record control number (DLC) 2019013650
906 ## - LOCAL DATA ELEMENT F, LDF (RLIN)
a 7
b cbc
c orignew
d 1
e ecip
f 20
g y-gencatlg
942 ## - ADDED ENTRY ELEMENTS (KOHA)
Source of classification or shelving scheme
Koha item type Book
Holdings
Withdrawn status Lost status Source of classification or shelving scheme Damaged status Not for loan Permanent Location Current Location Date acquired Source of acquisition Total Checkouts Full call number Barcode Date last seen Copy number Cost, replacement price Price effective from Koha item type
          School of Art Design and Architecture (SADA) School of Art Design and Architecture (SADA) 06/03/2024 Progressive Internal.   363.69 VAL 2019 SADA0003026 06/04/2024 01 16393.92 06/04/2024 Book
© 2023 Central Library, National University of Sciences and Technology. All Rights Reserved.